| 000 | 00883cab a2200277 4500 | ||
|---|---|---|---|
| 001 | ABS51902 | ||
| 008 | 090401t1994 xxu||||| |||| 00| 0 eng d | ||
| 035 | _a(Sirsi) u49646 | ||
| 041 | _aeng | ||
| 100 | _aRoskrow, B. | ||
| 245 | _aNew killing fields | ||
| 260 | _c1994 | ||
| 350 | _a0 | ||
| 490 |
_aContract Journal _v376(6005) 15 December 1994, 18-19(2) |
||
| 520 | _aReports on the continuing use of asbestos and efforts to ban the material as the number of asbestos-related deaths is rising. | ||
| 650 | _aASBESTOS INSTITUTE | ||
| 650 | _aMANAGEMENT-HEALTH AND SAFETY-HAZARDOUS SUBSTANCES-ASBESTOS | ||
| 650 | _aASBESTOSIS | ||
| 650 | _aBUILT ENVIRONMENT-BUILDING MATERIALS | ||
| 650 | _aDELETERIOUS MATERIALS | ||
| 650 | _aHEALTH HAZARDS | ||
| 650 | _aWHITE ASBESTOS | ||
| 690 | _aBUILT ENVIRONMENT-BUILDING MATERIALS | ||
| 942 | _n0 | ||
| 948 | _c04/03/1997 | ||
| 999 |
_c31080 _d31080 |
||